000 00672cam a2200181 i 4500
005 20251216093630.0
008 250721s1995 le gr 000 0 ara d
082 1 4 _a217
_bس و ي
100 1 _aسويد، محمد
_eمؤلف.
245 1 2 _aالمذاهب الإسلامية الخمسة والمذهب الموحد /
_cالقاضي محمد سويد.
250 _aالطبعة الأولى.
264 3 1 _aبيروت :
_bدار التقريب بين المذاهب الإسلامية،
_c1995.
300 _a322 صفحة.
650 1 7 _aالمذاهب الإسلامية.
650 1 7 _aالفقه الإسلامي.
942 _2ddc
_cBK
999 _c98284
_d98284